00338nam a22000857a 4500082001500000245014300015260005400158300001000212650003000222 aN1x54 C683 aMitra: Annual Seminar 2026: multi-domain, integrated, technologically empowered, resilient armed forces cby College of Defence Management aSecunderabadbCollege of Defence Managementc2026 a159p. aDefence, National - India